[Event "Dublin St Andrews op-B"]
[Site "Dublin"]
[Date "2019.09.22"]
[Round "5"]
[White "Sallan, Cahit Furkan"]
[Black "Beatty, Ross"]
[Result "0-1"]
[WhiteElo "1322"]
[BlackElo "1740"]
[PlyCount "66"]
[EventDate "2019.09.20"]
[EventType "swiss"]
[EventRounds "6"]
[EventCountry "IRL"]
[SourceTitle "EXT 2020"]
[Source "ChessBase"]
[SourceDate "2019.10.17"]
[SourceVersion "1"]
[SourceVersionDate "2019.10.17"]
[SourceQuality "1"]

1. e4 e6 2. d4 d5 3. Nc3 dxe4 4. Nxe4 Nd7 5. Be3 Ngf6 6. Ng3 Bd6 7. Bb5 a6 8. Ba4 b5 9. Bb3 Bb7 10. Nf3 Qe7 11. c4 c5 12. cxb5 axb5 13. a4 c4 14. Bc2 b4 15. b3 Nb6 16. Qe2 Qc7 17. 0-0 cxb3 18. Bxb3 Ba6 19. Qd1 Bxf1 20. Qxf1 0-0 21. Rc1 Qd7 22. Ne5 Bxe5 23. dxe5 Nfd5 24. Bg5 Rfc8 25. Rd1 Qc7 26. f4 Ne3 27. Rd8+ Rxd8 28. Bxd8 Qxd8 29. Qf2 Qd3 30. Qa2 Nxa4 31. Bxa4 b3 32. Qa3 Qd1+ 33. Kf2 Ng4# 0-1

[Event "Dublin St Andrews op-B"]
[Site "Dublin"]
[Date "2019.09.21"]
[Round "2"]
[White "Scott, Peter"]
[Black "Beatty, Ross"]
[Result "0-1"]
[WhiteElo "1423"]
[BlackElo "1740"]
[PlyCount "76"]
[EventDate "2019.09.20"]
[EventType "swiss"]
[EventRounds "6"]
[EventCountry "IRL"]
[SourceTitle "EXT 2020"]
[Source "ChessBase"]
[SourceDate "2019.10.17"]
[SourceVersion "1"]
[SourceVersionDate "2019.10.17"]
[SourceQuality "1"]

1. Nf3 d5 2. g3 Nf6 3. Bg2 c5 4. d3 Nc6 5. Nbd2 e5 6. e4 d4 7. 0-0 Bg4 8. h3 Bh5 9. a4 Nd7 10. Nc4 b6 11. Qe1 Be7 12. Bd2 h6 13. Kh2 a6 14. Ng1 0-0 15. Ne2 b5 16. Na3 Qb6 17. f3 f6 18. g4 Bf7 19. Ng3 Rfc8 20. Nf5 Bf8 21. h4 Ne7 22. Qg3 c4 23. Bh3 cxd3 24. cxd3 bxa4 25. Qf2 Nxf5 26. exf5 Nc5 27. Qe2 Nb3 28. Rad1 Bxa3 29. bxa3 Rc2 30. Kg1 Qc5 31. Qe1 Nxd2 32. Rxd2 Rxd2 33. Qxd2 Qxa3 34. Rc1 Rb8 35. Bf1 Qb2 36. Qe1 a3 37. Be2 a2 38. Ra1 Qxa1 0-1

[Event "Glorney Cup"]
[Site "Daventry"]
[Date "2016.07.17"]
[Round "2.14"]
[White "Beatty, Ross"]
[Black "D Costa, Leston"]
[Result "0-1"]
[WhiteElo "1770"]
[BlackElo "1557"]
[PlyCount "66"]
[EventDate "2016.07.17"]
[EventType "team-tourn"]
[EventRounds "5"]
[EventCountry "ENG"]
[SourceTitle "CBM 173 Extra"]
[Source "ChessBase"]
[SourceDate "2016.08.29"]
[SourceVersion "1"]
[SourceVersionDate "2016.08.29"]
[SourceQuality "1"]
[WhiteTeam "Ireland"]
[BlackTeam "Scotland"]
[WhiteTeamCountry "IRL"]
[BlackTeamCountry "SCO"]

1. Nf3 f5 2. g3 e6 3. Bg2 Nf6 4. 0-0 d5 5. d3 Bd6 6. Nbd2 0-0 7. c4 c6 8. Qc2 f4 9. c5 Bc7 10. d4 Qe7 11. b4 Nbd7 12. Bb2 e5 13. dxe5 Nxe5 14. gxf4 Nxf3+ 15. Nxf3 Bxf4 16. a4 Bg4 17. Ra3 Bxf3 18. Bxf3 Ne4 19. Bxe4 dxe4 20. Qc4+ Kh8 21. Kh1 Qh4 22. h3 Rae8 23. Rg1 Re7 24. Rg2 Qh6 25. e3 Qxh3+ 26. Kg1 Be5 27. Bxe5 Rxe5 28. Qd4 Qh5 29. b5 Rg8 30. Rh2 Rg5+ 31. Rg2 Rd5 32. Rh2 Qg6+ 33. Rg2 Rxd4 0-1

[Event "IRL-ch"]
[Site "Dublin"]
[Date "2016.07.08"]
[Round "7"]
[White "Mirza, Diana"]
[Black "Beatty, Ross"]
[Result "1/2-1/2"]
[WhiteElo "1889"]
[BlackElo "1770"]
[PlyCount "49"]
[EventDate "2016.07.02"]
[EventType "swiss"]
[EventRounds "9"]
[EventCountry "IRL"]
[SourceTitle "CBM 173 Extra"]
[Source "ChessBase"]
[SourceDate "2016.08.29"]
[SourceVersion "1"]
[SourceVersionDate "2016.08.29"]
[SourceQuality "1"]

1. e4 e6 2. d3 d5 3. Nd2 Nf6 4. Ngf3 Bc5 5. d4 Bb6 6. e5 Nfd7 7. c3 c5 8. Nb3 Nc6 9. Be3 cxd4 10. cxd4 f6 11. exf6 Nxf6 12. Bb5 Bd7 13. 0-0 0-0 14. Nc5 Bxc5 15. dxc5 Qc7 16. Bg5 Ng4 17. g3 Rxf3 18. Bxc6 Raf8 19. Bxd7 Qxd7 20. Bf4 R8xf4 21. gxf4 Rxf4 22. f3 Ne3 23. Qd2 d4 24. Rae1 Qd5 25. Rxe3 1/2-1/2

[Event "IRL-ch"]
[Site "Dublin"]
[Date "2016.07.05"]
[Round "4"]
[White "Melaugh, Shanemelaugh"]
[Black "Beatty, Ross"]
[Result "0-1"]
[WhiteElo "1677"]
[BlackElo "1770"]
[PlyCount "84"]
[EventDate "2016.07.02"]
[EventType "swiss"]
[EventRounds "9"]
[EventCountry "IRL"]
[SourceTitle "CBM 173 Extra"]
[Source "ChessBase"]
[SourceDate "2016.08.29"]
[SourceVersion "1"]
[SourceVersionDate "2016.08.29"]
[SourceQuality "1"]

1. c4 c6 2. Nc3 Nf6 3. e4 e5 4. Nf3 Qc7 5. Be2 Bc5 6. 0-0 d6 7. d4 exd4 8. Nxd4 0-0 9. a3 a5 10. Nb3 Nbd7 11. Bf4 Rd8 12. Bf3 a4 13. Nxa4 Rxa4 14. Nxc5 Nxc5 15. b4 Ne6 16. Bxd6 Rxd6 17. Qxa4 Ng5 18. e5 Nxf3+ 19. gxf3 Rd4 20. exf6 Rh4 21. Rfd1 Qxh2+ 22. Kf1 Bh3+ 23. Ke1 Qe5+ 24. Kd2 Rd4+ 25. Kc1 Rxc4+ 26. Kd2 Rd4+ 27. Kc1 Rxd1+ 28. Kxd1 Qxa1+ 29. Kd2 Qb2+ 30. Ke3 Qe5+ 31. Kd2 Qd4+ 32. Ke2 gxf6 33. Qa8+ Kg7 34. Qxb7 Qb2+ 35. Kd1 Qd4+ 36. Ke2 Qe5+ 37. Kd2 Qd5+ 38. Ke2 Qb5+ 39. Qxb5 cxb5 40. Kd3 h5 41. a4 bxa4 42. b5 Bf1+ 0-1

[Event "Robinson Cup U14"]
[Site "Enfield"]
[Date "2015.07.21"]
[Round "4.3"]
[White "Beatty, Ross"]
[Black "Smith, Callum"]
[Result "1/2-1/2"]
[WhiteElo "1691"]
[BlackElo "1543"]
[PlyCount "121"]
[EventDate "2015.07.20"]
[EventType "team-tourn"]
[EventRounds "6"]
[EventCountry "IRL"]
[SourceTitle "EXT 2023"]
[Source "ChessBase"]
[SourceDate "2022.10.05"]
[SourceVersion "1"]
[SourceVersionDate "2022.10.05"]
[SourceQuality "1"]
[WhiteTeam "Ireland U14"]
[BlackTeam "Scotland U14"]
[WhiteTeamCountry "IRL"]
[BlackTeamCountry "SCO"]

1. e4 c6 2. d3 d5 3. Nd2 g6 4. Ngf3 Bg7 5. g3 e5 6. Bg2 Ne7 7. 0-0 0-0 8. Re1 Nd7 9. c3 b6 10. Nf1 Bb7 11. Be3 Rc8 12. Qd2 Re8 13. Bh6 f6 14. h4 Qc7 15. Bh3 Qd6 16. Bxg7 Kxg7 17. g4 Rcd8 18. Ng3 Rf8 19. Rad1 Ba6 20. h5 g5 21. Nh2 Bc8 22. Nhf1 Nc5 23. Qc2 Qc7 24. Nd2 Ba6 25. Bf1 Bc8 26. Bh3 Ne6 27. f3 Nf4 28. Bf1 d4 29. cxd4 exd4 30. Nb3 c5 31. Ne2 Nxe2+ 32. Qxe2 Qg3+ 33. Qg2 Qxg2+ 34. Kxg2 Nc6 35. Nd2 Ne5 36. b3 Ba6 37. Nc4 Bxc4 38. bxc4 Rb8 39. Rb1 h6 40. Be2 a6 41. a4 Nc6 42. Rf1 Nb4 43. Rb2 Rb7 44. f4 b5 45. cxb5 axb5 46. axb5 Rxb5 47. fxg5 fxg5 48. Rxf8 Kxf8 49. Rb1 Ra5 50. Rf1+ Ke7 51. Rf5 Ra2 52. Kf3 Rc2 53. Re5+ Kd7 54. Rf5 Rc3 55. Kf2 Nxd3+ 56. Bxd3 Rxd3 57. Rxc5 Rd2+ 58. Kf3 Rd3+ 59. Kf2 Rd2+ 60. Kf3 d3 61. Rd5+ 1/2-1/2